000 00804nam a22002417a 4500
005 20140901124310.0
010 _aENG-110684
020 _a9789339204082
_c675.00
020 _a9339204085
_c675.00
035 _aEN-94216
037 _bDBAD/PUB
082 _a658.4012
245 _aCrafting and executing strategy :
_cby Arthur A. Thompson...[et al]
_bthe quest for competitive advantage: concepts and cases /
250 _a19th ed
260 _aNew Delhi
_bMcGraw Hill Education
_c2014
270 _aP-24, Green Park Extn.
_bNew Delhi
_e110016
300 _avarious pagings :
_c25cm(pbk)
_bill
500 _aIncludes index
650 _aStrategic planning.
650 _a Strategic planning
_vCase studies.
700 _aThompson, Arthur A.
942 _2ddc
_cEN
_mCRA
_h658.4012
999 _c88110
_d88110